Cat Breeds - Statistics

General Stats
  • This quiz has been taken 76 times
  • The average score is 5 of 10
Answer Stats
Picture Answer % Correct
Siamese
96%
Ragdoll
79%
Sphynx
68%
Persian
65%
Russian Blue
60%
Maine Coon
54%
American Shorthair
31%
Burmese
22%
Manx
22%
Abyssinan
1%
No matching quizzes found
Score Distribution
Percent of People with Each Score
Percentile by Number Answered
Your Score History
You have not taken this quiz